[Event "GBR-ch86"]
[Site "Scarborough"]
[Date "1999.08.05"]
[Round "4.39"]
[White "Jackson, Adrian"]
[Black "Thiruchelvam, Murugan"]
[Result "1/2-1/2"]
[WhiteElo "2223"]
[BlackElo "2088"]
[PlyCount "112"]
[EventDate "1999.08.02"]
[EventType "swiss"]
[EventRounds "11"]
[EventCountry "GBR"]

1. e4 c6 2. Nc3 d5 3. Nf3 dxe4 4. Nxe4 Nf6 5. Nxf6+ exf6 6. d4 Bd6 7. Be2 O-O
8. O-O Re8 9. Be3 Nd7 10. c4 Nf8 11. Qd2 Ng6 12. Rfe1 Qc7 13. h3 Bf5 14. d5 c5
15. Bd3 Bxd3 16. Qxd3 Re7 17. Bd2 Rae8 18. Rxe7 Rxe7 19. Re1 Rxe1+ 20. Nxe1 Qe7
21. Qe3 Qe5 22. b3 Kf8 23. g3 Qxe3 24. Bxe3 b6 25. Kg2 Ke7 26. Kf3 f5 27. Nd3
Ne5+ 28. Nxe5 Bxe5 29. Bf4 Bd4 30. Bb8 a6 31. a4 Kd7 32. Kf4 Bxf2 33. Kxf5 Bd4
34. g4 f6 35. h4 g6+ 36. Ke4 Kc8 37. Bf4 Kd7 38. a5 bxa5 39. Bd2 a4 40. bxa4
Bf2 41. h5 Bg3 42. Bc3 Ke7 43. Ba5 Bd6 44. Bd2 Kd7 45. Bh6 Ke7 46. Bf4 Bxf4 47.
Kxf4 Kd6 48. g5 f5 49. a5 Kd7 50. Ke5 Ke7 51. h6 Kd7 52. Kf4 Kd6 53. Ke3 Ke5
54. Kf3 Kd6 55. Kf4 Ke7 56. Ke5 Kd7 1/2-1/2

[Event "GBR-ch86"]
[Site "Scarborough"]
[Date "1999.08.05"]
[Round "4.40"]
[White "Waters, Clive"]
[Black "McFarland, Robert S"]
[Result "1-0"]
[WhiteElo "2158"]
[BlackElo "2267"]
[PlyCount "131"]
[EventDate "1999.08.02"]
[EventType "swiss"]
[EventRounds "11"]
[EventCountry "GBR"]

1. d4 Nf6 2. Nf3 g6 3. Nc3 d5 4. Bf4 Bg7 5. e3 O-O 6. Be2 b6 7. Ne5 Bb7 8. h4
Nc6 9. Bf3 e6 10. h5 Ne4 11. Nxc6 Bxc6 12. Bxe4 dxe4 13. hxg6 fxg6 14. Qg4 Qe7
15. O-O-O Rf5 16. Qh3 Rh5 17. Qg3 Rxh1 18. Rxh1 Rc8 19. Qh3 Bf6 20. g4 g5 21.
Be5 Bxe5 22. dxe5 Qg7 23. Ne2 Be8 24. Nd4 Bg6 25. Qf1 Qxe5 26. Qa6 Rf8 27. Qc4
Rf6 28. Rd1 c5 29. Nc6 Qc7 30. Qc3 Rf8 31. Ne5 Be8 32. Nc4 Rxf2 33. Nd6 Bg6 34.
Qe5 Qe7 35. Nc4 Rf8 36. a4 Qf6 37. Qc7 Be8 38. Qxa7 Qf3 39. Qxb6 Qxg4 40. Qxc5
Bxa4 41. b3 Be8 42. Rd8 Qf5 43. Qe7 Qf7 44. Qxg5+ Qg7 45. Qxg7+ Kxg7 46. Kb2 h5
47. Rd4 Bg6 48. Nd6 h4 49. b4 h3 50. Rd2 Rh8 51. Rh2 Kf6 52. b5 Ke5 53. Nc4+
Kd5 54. Kb3 Kc5 55. Ne5 Bf5 56. c4 Rg8 57. Rd2 Kb6 58. Kb4 Rg2 59. c5+ Kc7 60.
Rd7+ Kc8 61. b6 Rb2+ 62. Kc3 Rb1 63. Rc7+ Kd8 64. Nc6+ Ke8 65. b7 h2 66. Nb4
1-0

[Event "GBR-ch86"]
[Site "Scarborough"]
[Date "1999.08.05"]
[Round "4.41"]
[White "Barton, R Alan"]
[Black "Bisby, Daniel"]
[Result "0-1"]
[WhiteElo "2149"]
[BlackElo "2252"]
[PlyCount "104"]
[EventDate "1999.08.02"]
[EventType "swiss"]
[EventRounds "11"]
[EventCountry "GBR"]

1. d4 d6 2. h3 g6 3. Nf3 Bg7 4. c4 f5 5. Nc3 Nf6 6. Qc2 O-O 7. Bg5 Nc6 8. e3 e5
9. dxe5 dxe5 10. Nd5 e4 11. O-O-O Qe8 12. Bxf6 Bxf6 13. Ne1 Qf7 14. f4 Bg7 15.
Be2 Be6 16. g4 Nd8 17. gxf5 gxf5 18. Rg1 c6 19. Nc3 Bxc4 20. Bxc4 Qxc4 21. Rd4
Qe6 22. Qd2 Kh8 23. Rd6 Qc4 24. Nc2 Nf7 25. Rd7 Rad8 26. Nd1 Qe6 27. Qg2 Rg8
28. Rxd8 Nxd8 29. Kb1 Bf6 30. Qxg8+ Qxg8 31. Rxg8+ Kxg8 32. Kc1 Ne6 33. Kd2 Nc5
34. b3 Nd3 35. a3 Kf7 36. Ne1 Nxe1 37. Kxe1 Ke6 38. Kd2 Kd5 39. Kc2 b5 40. Nf2
a5 41. Nd1 b4 42. axb4 axb4 43. Kd2 c5 44. Kc1 c4 45. Kc2 Kc5 46. Nf2 Bh4 47.
Nd1 c3 48. Kc1 Be1 49. Kc2 Kd6 50. Kc1 Ke6 51. Kc2 Kf6 52. h4 Kg6 0-1

[Event "GBR-ch86"]
[Site "Scarborough"]
[Date "1999.08.05"]
[Round "4.42"]
[White "Bushill, Michael"]
[Black "D'Costa, Lorin"]
[Result "0-1"]
[WhiteElo "2072"]
[BlackElo "2215"]
[PlyCount "123"]
[EventDate "1999.08.02"]
[EventType "swiss"]
[EventRounds "11"]
[EventCountry "GBR"]

1. e4 c5 2. Nc3 Nc6 3. g3 g6 4. d3 Bg7 5. Be3 d6 6. Bg2 e6 7. Qd2 Qa5 8. Nf3
Nd4 9. O-O Bd7 10. Bf4 e5 11. Nd5 Qd8 12. Bg5 f6 13. Be3 Bg4 14. Qd1 Ne7 15.
Nxe7 Qxe7 16. c3 Nc6 17. h3 Bd7 18. d4 b6 19. Kh2 O-O 20. dxc5 dxc5 21. Qd5+
Kh8 22. Rfd1 Rfd8 23. Qb3 Na5 24. Qc2 Nc4 25. Bc1 Bc6 26. Re1 Qb7 27. b3 Nd6
28. Nd2 Rd7 29. c4 Rad8 30. Nf1 f5 31. f3 fxe4 32. fxe4 Rf8 33. g4 Rdf7 34. Ng3
Ne8 35. Be3 Nc7 36. Ne2 Ne6 37. Nc3 Qe7 38. Nd5 Qh4 39. Qd2 Nd4 40. Rad1 Rf3
41. Rf1 Rxf1 42. Rxf1 Rxf1 43. Bxd4 Qe1 44. Qxe1 Rxe1 45. Bg1 Re2 46. a3 Ra2
47. b4 Bf8 48. b5 Bb7 49. Be3 Rxa3 50. Bg5 Bd6 51. Kg1 Bxd5 52. exd5 a6 53.
bxa6 Rxa6 54. Bd8 Kg7 55. Kf2 Ra2+ 56. Kg1 Rb2 57. Bf1 e4 58. Bg5 h6 59. Be3 g5
60. h4 Bf4 61. Bxf4 gxf4 62. Bg2 0-1

[Event "GBR-ch86"]
[Site "Scarborough"]
[Date "1999.08.05"]
[Round "4.43"]
[White "Smith, Andrew Philip"]
[Black "Player, Edmund C"]
[Result "1-0"]
[WhiteElo "2275"]
[BlackElo "2105"]
[PlyCount "57"]
[EventDate "1999.08.02"]
[EventType "swiss"]
[EventRounds "11"]
[EventCountry "GBR"]

1. e4 e6 2. d4 d5 3. Nc3 Bb4 4. e5 c5 5. a3 Bxc3+ 6. bxc3 Ne7 7. Qg4 Qc7 8.
Qxg7 Rg8 9. Qxh7 cxd4 10. Ne2 Nbc6 11. h4 Bd7 12. Rb1 dxc3 13. Rh3 d4 14. Qe4
O-O-O 15. Nxd4 Nxd4 16. Qxd4 Bc6 17. Qxc3 Rg4 18. Bg5 Rdd4 19. Qc5 Ng6 20. Bf6
Rge4+ 21. Re3 Rxe3+ 22. fxe3 Rd5 23. Qb4 a5 24. Qg4 Be8 25. c4 Nxe5 26. Qg8 Kd7
27. cxd5 Qc3+ 28. Kf2 Qc2+ 29. Kg1 1-0

[Event "GBR-ch86"]
[Site "Scarborough"]
[Date "1999.08.05"]
[Round "4.45"]
[White "Dempsey, Paul"]
[Black "Buckley, Melanie"]
[Result "0-1"]
[WhiteElo "2168"]
[BlackElo "2075"]
[PlyCount "78"]
[EventDate "1999.08.02"]
[EventType "swiss"]
[EventRounds "11"]
[EventCountry "GBR"]

1. d4 e6 2. c4 Nf6 3. Nc3 Bb4 4. Qc2 O-O 5. Bg5 c5 6. e3 cxd4 7. exd4 Nc6 8.
Nf3 d5 9. c5 Bxc3+ 10. Qxc3 Ne4 11. Bxd8 Nxc3 12. Bc7 Ne4 13. a3 Bd7 14. b4
Rac8 15. Bg3 Nxg3 16. hxg3 e5 17. dxe5 Rfe8 18. O-O-O Nxe5 19. Rxd5 Nxf3 20.
Rxd7 Re1+ 21. Kc2 Ne5 22. Rxb7 a5 23. Rb5 axb4 24. axb4 Nc6 25. Rb6 h6 26. Rxc6
Rxc6 27. Bb5 Rxc5+ 28. bxc5 Rxh1 29. c6 Rh5 30. Ba4 Kf8 31. g4 Rc5+ 32. Kb3 Ke7
33. Kb4 Kd6 34. f4 Rc1 35. Bb3 f6 36. f5 Rxc6 37. Bd1 Ke5 38. Bf3 Rc1 39. Kb3
Kf4 0-1

[Event "GBR-ch86"]
[Site "Scarborough"]
[Date "1999.08.05"]
[Round "4.46"]
[White "Harris, Costas"]
[Black "Ledger, Stephen C"]
[Result "1/2-1/2"]
[WhiteElo "2065"]
[BlackElo "2162"]
[PlyCount "87"]
[EventDate "1999.08.02"]
[EventType "swiss"]
[EventRounds "11"]
[EventCountry "GBR"]

1. e4 c5 2. d3 Nc6 3. g3 g6 4. Bg2 Bg7 5. c3 e6 6. Nf3 Nge7 7. O-O O-O 8. Re1
b6 9. Nbd2 d5 10. e5 Qc7 11. Qe2 Ba6 12. Nf1 Rab8 13. h3 b5 14. N1h2 Kh8 15.
Ng4 Ng8 16. Bf4 Rb6 17. Nf6 Qe7 18. Nxg8 Kxg8 19. Bg5 Qd7 20. Rac1 Rc8 21. d4
b4 22. Qe3 bxc3 23. bxc3 Rb2 24. Nh2 Ne7 25. Qf4 Nf5 26. g4 h6 27. gxf5 hxg5
28. fxe6 fxe6 29. Qxg5 Qf7 30. Ng4 Rf8 31. Re3 Be2 32. f3 Bc4 33. h4 cxd4 34.
cxd4 Kh7 35. Ra3 Qf5 36. Rxa7 Rxg2+ 37. Kxg2 Qxf3+ 38. Kh2 Qe2+ 39. Kg1 Rf1+
40. Rxf1 Qxf1+ 41. Kh2 Qe2+ 42. Kg3 Qe1+ 43. Nf2 Be2 44. Rxg7+ 1/2-1/2

[Event "GBR-ch86"]
[Site "Scarborough"]
[Date "1999.08.06"]
[Round "5.1"]
[White "Hodgson, Julian M"]
[Black "Gormally, Daniel"]
[Result "1-0"]
[WhiteElo "2605"]
[BlackElo "2476"]
[PlyCount "73"]
[EventDate "1999.08.02"]
[EventType "swiss"]
[EventRounds "11"]
[EventCountry "GBR"]

1. c4 e5 2. Nc3 Nf6 3. Nf3 Nc6 4. g3 d5 5. cxd5 Nxd5 6. Bg2 Nb6 7. Rb1 a5 8.
O-O Be7 9. d3 O-O 10. Be3 Be6 11. Bxb6 cxb6 12. Rc1 Rc8 13. Qa4 f6 14. Rfd1 Nd4
15. Nxd4 Qxd4 16. Bd5 Bxd5 17. Qxd4 exd4 18. Nxd5 Bc5 19. Nf4 Kf7 20. Ng2 g5
21. Ne1 g4 22. Ng2 Rfd8 23. Rc2 b5 24. Rdc1 b6 25. Nf4 b4 26. Kg2 a4 27. e4 b3
28. axb3 axb3 29. Rc4 Ra8 30. h3 gxh3+ 31. Kxh3 Ra2 32. Rb1 Rc8 33. Kg4 b5 34.
Rcc1 Rca8 35. Rh1 Rg8+ 36. Kf3 Rh8 37. Rh5 1-0

[Event "GBR-ch86"]
[Site "Scarborough"]
[Date "1999.08.06"]
[Round "5.6"]
[White "Emms, John M"]
[Black "Summerscale, Aaron"]
[Result "1/2-1/2"]
[WhiteElo "2586"]
[BlackElo "2423"]
[PlyCount "77"]
[EventDate "1999.08.02"]
[EventType "swiss"]
[EventRounds "11"]
[EventCountry "GBR"]

1. e4 c6 2. d4 d5 3. Nd2 dxe4 4. Nxe4 Bf5 5. Ng3 Bg6 6. h4 h6 7. Nf3 Nd7 8. h5
Bh7 9. Bd3 Bxd3 10. Qxd3 e6 11. Bf4 Bb4+ 12. c3 Be7 13. O-O-O Ngf6 14. Kb1 O-O
15. Ne5 a5 16. Ne4 Nxe4 17. Qxe4 Nf6 18. Qe2 Qd5 19. f3 b5 20. g4 Nd7 21. Rhg1
Rad8 22. Bc1 Nxe5 23. dxe5 Qc5 24. f4 Rxd1 25. Rxd1 Rd8 26. Rxd8+ Bxd8 27. Qd3
Bb6 28. b3 a4 29. b4 Qd5 30. Qxd5 cxd5 31. Kc2 g6 32. Kd3 Kg7 33. Be3 Bd8 34.
Bf2 gxh5 35. gxh5 Kg8 36. Bg1 f5 37. exf6 Bxf6 38. Bd4 Bd8 39. Be5 1/2-1/2

[Event "GBR-ch86"]
[Site "Scarborough"]
[Date "1999.08.06"]
[Round "5.8"]
[White "Hebden, Mark"]
[Black "Houska, Miroslav"]
[Result "1-0"]
[WhiteElo "2510"]
[BlackElo "2364"]
[PlyCount "125"]
[EventDate "1999.08.02"]
[EventType "swiss"]
[EventRounds "11"]
[EventCountry "GBR"]

1. d4 d6 2. Nf3 g6 3. e4 Nf6 4. Nc3 Bg7 5. Be3 a6 6. Qd2 b5 7. Bh6 O-O 8. Bd3
Bg4 9. Bxg7 Kxg7 10. e5 dxe5 11. dxe5 Nfd7 12. Qf4 Bxf3 13. Qxf3 c6 14. Qg3 b4
15. Ne4 Qa5 16. e6 fxe6 17. O-O Qe5 18. Qh4 Nf6 19. Nxf6 exf6 20. Qxb4 Qc7 21.
Rad1 Re8 22. Be4 Ra7 23. Rd3 Rb7 24. Qc3 Qb6 25. b3 Qb4 26. Bxc6 Qxc3 27. Rxc3
Rc7 28. Bxe8 Rxc3 29. Rc1 Kf8 30. Ba4 a5 31. Bb5 Ke7 32. Kf1 Nc6 33. Bxc6 Rxc6
34. Ke2 Kd6 35. Kd3 Kc5 36. Re1 e5 37. Re4 Rd6+ 38. Kc3 Rd1 39. Rc4+ Kb6 40. f4
Rg1 41. fxe5 Rxg2 42. exf6 Rf2 43. Rh4 h5 44. Re4 Rxf6 45. h4 Rf3+ 46. Kb2 Rg3
47. Re6+ Kc7 48. Ka3 Kd7 49. Ra6 Rg4 50. c4 Ke7 51. Ka4 Kf7 52. Kxa5 Rxh4 53.
c5 Re4 54. c6 h4 55. c7 Re5+ 56. Kb6 Re8 57. Ra5 Kf6 58. Rd5 Rc8 59. Rd8 Rxc7
60. Kxc7 g5 61. a4 g4 62. a5 h3 63. Rh8 1-0

[Event "GBR-ch86"]
[Site "Scarborough"]
[Date "1999.08.06"]
[Round "5.9"]
[White "Williams, Simon Kim"]
[Black "Turner, Matthew"]
[Result "1/2-1/2"]
[WhiteElo "2421"]
[BlackElo "2478"]
[PlyCount "62"]
[EventDate "1999.08.02"]
[EventType "swiss"]
[EventRounds "11"]
[EventCountry "GBR"]

1. c4 c5 2. Nc3 Nc6 3. g3 g6 4. Bg2 Bg7 5. d3 Nf6 6. e4 O-O 7. Nge2 d6 8. O-O
Rb8 9. h3 Ne8 10. Be3 Nd4 11. Rb1 Nc7 12. b4 b6 13. Qc1 e6 14. Bh6 Nxe2+ 15.
Nxe2 Bxh6 16. Qxh6 f5 17. d4 cxb4 18. Rxb4 fxe4 19. Bxe4 d5 20. Bd3 dxc4 21.
Rxc4 Nd5 22. Be4 Bb7 23. h4 Ne7 24. Bxb7 Rxb7 25. Qe3 Qd5 26. Rfc1 Nf5 27. Qe5
Rd7 28. Nf4 Nxd4 29. Qxd5 Rxd5 30. Nxd5 Ne2+ 31. Kf1 exd5 1/2-1/2

[Event "GBR-ch86"]
[Site "Scarborough"]
[Date "1999.08.06"]
[Round "5.11"]
[White "Duncan, Christopher R"]
[Black "Kunte, Abhijit"]
[Result "1/2-1/2"]
[WhiteElo "2297"]
[BlackElo "2465"]
[PlyCount "23"]
[EventDate "1999.08.02"]
[EventType "swiss"]
[EventRounds "11"]
[EventCountry "GBR"]

1. c4 g6 2. e4 Bg7 3. d4 c5 4. Nf3 cxd4 5. Nxd4 Nc6 6. Be3 Nf6 7. Nc3 Qa5 8.
Nb3 Qd8 9. Be2 O-O 10. O-O d6 11. f4 Bd7 12. c5 1/2-1/2

[Event "GBR-ch86"]
[Site "Scarborough"]
[Date "1999.08.06"]
[Round "5.13"]
[White "Pert, Nicholas"]
[Black "Farndon, David"]
[Result "1-0"]
[WhiteElo "2425"]
[BlackElo "2238"]
[PlyCount "83"]
[EventDate "1999.08.02"]
[EventType "swiss"]
[EventRounds "11"]
[EventCountry "GBR"]

1. d4 Nf6 2. Nf3 g6 3. g3 Bg7 4. Bg2 O-O 5. O-O d6 6. c4 c5 7. dxc5 dxc5 8. Nc3
Nc6 9. Bf4 Qxd1 10. Rfxd1 Be6 11. Ne5 Nxe5 12. Bxe5 Bxc4 13. Bxb7 Rad8 14. b3
Be6 15. Nb5 Bd5 16. Bxd5 Nxd5 17. Bxg7 Kxg7 18. Rac1 a6 19. Rxc5 e6 20. Nd4 Nf6
21. e3 Rfe8 22. Rdc1 e5 23. Nf3 Ne4 24. Rxe5 Rxe5 25. Nxe5 Rd2 26. Rc7 Kf6 27.
f4 Nd6 28. Rc6 Kf5 29. Nf3 Rd1+ 30. Kf2 Ne4+ 31. Ke2 Rb1 32. Rc2 f6 33. Nd2 Rh1
34. Nxe4 Kxe4 35. Rc4+ Kf5 36. Kf3 Rf1+ 37. Kg2 Re1 38. Kf2 Rh1 39. h3 Rh2+ 40.
Kf3 Rxa2 41. Rc6 g5 42. e4+ 1-0

[Event "GBR-ch86"]
[Site "Scarborough"]
[Date "1999.08.06"]
[Round "5.14"]
[White "Hunt, Adam"]
[Black "Lane, Gary William"]
[Result "0-1"]
[WhiteElo "2288"]
[BlackElo "2409"]
[PlyCount "76"]
[EventDate "1999.08.02"]
[EventType "swiss"]
[EventRounds "11"]
[EventCountry "GBR"]

1. e4 e5 2. Nf3 Nc6 3. Bb5 a6 4. Ba4 Nf6 5. O-O Bc5 6. Nxe5 Nxe5 7. d4 Nxe4 8.
Qe2 Be7 9. Qxe4 Ng6 10. c4 O-O 11. Nc3 c6 12. d5 f5 13. Qd3 Qc7 14. f4 b5 15.
Bb3 Kh8 16. Be3 b4 17. Ne2 c5 18. a3 bxa3 19. Rxa3 d6 20. Ng3 Bf6 21. Qd2 Qf7
22. Nh5 Bd8 23. Qd1 Ne7 24. Ba4 g6 25. Ng3 Ng8 26. Bc6 Rb8 27. Rb3 Rxb3 28.
Qxb3 Nf6 29. Bd2 h5 30. Qb8 Bc7 31. Qa7 h4 32. Ne2 Ne4 33. Be1 h3 34. gxh3 Qg7
35. h4 Qxb2 36. Qxc7 Qxe2 37. Qe7 Kg8 38. Be8 Ng3 0-1

[Event "GBR-ch86"]
[Site "Scarborough"]
[Date "1999.08.06"]
[Round "5.15"]
[White "Heidenfeld, Mark"]
[Black "Rahman, Taibur"]
[Result "1-0"]
[WhiteElo "2368"]
[BlackElo "2210"]
[PlyCount "63"]
[EventDate "1999.08.02"]
[EventType "swiss"]
[EventRounds "11"]
[EventCountry "GBR"]

1. e4 c5 2. Nf3 Nc6 3. d4 cxd4 4. Nxd4 e5 5. Nb3 Nf6 6. Bg5 Be7 7. Bxf6 Bxf6 8.
Nc3 O-O 9. g3 d6 10. Nd5 Bg5 11. h4 Bh6 12. g4 Bf4 13. Qf3 Re8 14. g5 Be6 15.
Nxf4 exf4 16. Qxf4 Bxb3 17. axb3 Nb4 18. Bd3 Nxd3+ 19. cxd3 Qb6 20. O-O Qxb3
21. Qxd6 Rad8 22. Qc7 Rxd3 23. Ra3 Qb5 24. Rxa7 Rd7 25. Qc3 Qe2 26. Re1 Rd1 27.
Rxd1 Qxd1+ 28. Kh2 Qg4 29. Qg3 Qxe4 30. Ra3 Qd4 31. Re3 Rxe3 32. Qb8+ 1-0

[Event "GBR-ch86"]
[Site "Scarborough"]
[Date "1999.08.06"]
[Round "5.18"]
[White "Houska, Jovanka"]
[Black "Thipsay, Bhagyashree"]
[Result "1-0"]
[WhiteElo "2251"]
[BlackElo "2335"]
[PlyCount "93"]
[EventDate "1999.08.02"]
[EventType "swiss"]
[EventRounds "11"]
[EventCountry "GBR"]

1. e4 c6 2. d4 d5 3. e5 c5 4. c3 Nc6 5. Be3 Qb6 6. Qd2 cxd4 7. cxd4 Bf5 8. Nc3
e6 9. Nf3 Nge7 10. Be2 Bg4 11. O-O Nf5 12. Rfd1 Be7 13. Rac1 O-O 14. h3 Bxf3
15. Bxf3 Rfc8 16. Na4 Qd8 17. Be2 Bb4 18. Qd3 Qa5 19. Nc3 Qd8 20. a3 Bf8 21. b4
a5 22. b5 Nb8 23. Na4 Nd7 24. Qb3 Qe7 25. Ra1 b6 26. Bf4 Rc7 27. g4 Nh4 28. Qe3
Qe8 29. Bg3 Be7 30. Bd3 Rac8 31. f4 Ng6 32. f5 Ngf8 33. Rf1 Rc4 34. Bxc4 Rxc4
35. Nc3 Rxd4 36. Kh1 Rc4 37. Qd2 Qc8 38. Rf3 Qb7 39. Qe2 Qc8 40. Qd2 Qd8 41.
fxe6 fxe6 42. Nxd5 Bg5 43. Ne3 Qa8 44. Raf1 Qe4 45. Kg1 Rd4 46. Qf2 Ng6 47.
Rf8+ 1-0

[Event "GBR-ch86"]
[Site "Scarborough"]
[Date "1999.08.06"]
[Round "5.20"]
[White "Ledger, David"]
[Black "Ledger, Andrew"]
[Result "1/2-1/2"]
[WhiteElo "2240"]
[BlackElo "2431"]
[PlyCount "20"]
[EventDate "1999.08.02"]
[EventType "swiss"]
[EventRounds "11"]
[EventCountry "GBR"]

1. e4 c5 2. Nf3 e6 3. c3 d5 4. e5 Bd7 5. d4 Qb6 6. Be2 Bb5 7. O-O Bxe2 8. Qxe2
cxd4 9. Nxd4 Nc6 10. Nxc6 bxc6 1/2-1/2

[Event "GBR-ch86"]
[Site "Scarborough"]
[Date "1999.08.06"]
[Round "5.22"]
[White "Rayner, Francis"]
[Black "Bin-Sattar, Reefat"]
[Result "0-1"]
[WhiteElo "2218"]
[BlackElo "2377"]
[PlyCount "139"]
[EventDate "1999.08.02"]
[EventType "swiss"]
[EventRounds "11"]
[EventCountry "GBR"]

1. e4 c5 2. Nf3 Nc6 3. d4 cxd4 4. Nxd4 Qc7 5. Nc3 e6 6. g3 a6 7. Bg2 Nf6 8. O-O
Nxd4 9. Qxd4 Bc5 10. Bf4 d6 11. Qd2 h6 12. Rad1 e5 13. Be3 Ke7 14. h3 Be6 15.
f4 Rhd8 16. Kh2 Rac8 17. Qf2 Bxe3 18. Qxe3 Qc5 19. Qxc5 Rxc5 20. Rf2 b5 21.
Rfd2 Rd7 22. a3 Ne8 23. Bf1 f6 24. Be2 Nc7 25. Kg2 a5 26. Bg4 b4 27. axb4 axb4
28. Na4 Rc6 29. c3 Bb3 30. Bxd7 Kxd7 31. Rxd6+ Rxd6 32. Nc5+ Kc6 33. Rxd6+ Kxc5
34. Rd7 Ne6 35. fxe5 bxc3 36. bxc3 fxe5 37. h4 Kc4 38. Rd5 Kxc3 39. Rxe5 Kd4
40. Rb5 Bc2 41. e5 Be4+ 42. Kf2 Nc5 43. Rb4+ Kxe5 44. Ke3 Bd5 45. Rb8 h5 46.
Rh8 Bf7 47. Rf8 Be6 48. Rh8 g6 49. Re8 Kf5 50. Kd4 Nb3+ 51. Ke3 Nc5 52. Kd4 Nd7
53. Ke3 Bd5 54. Rd8 Bc6 55. Rc8 Bh1 56. Rc4 Nf6 57. Rc5+ Nd5+ 58. Kf2 Kg4 59.
Rc1 Be4 60. Rc4 Nf6 61. Ra4 Kh3 62. Ra3 Bd5 63. Ra5 Kh2 64. Ra3 Ng4+ 65. Ke2
Kg2 66. Rc3 Be4 67. Ra3 Bf5 68. Rc3 Nh2 69. Ra3 Nf3 70. Ra4 {last few moves
missing} 0-1

[Event "GBR-ch86"]
[Site "Scarborough"]
[Date "1999.08.06"]
[Round "5.23"]
[White "Cobb, James E"]
[Black "Storey, Charles H"]
[Result "1-0"]
[WhiteElo "2349"]
[BlackElo "2211"]
[PlyCount "81"]
[EventDate "1999.08.02"]
[EventType "swiss"]
[EventRounds "11"]
[EventCountry "GBR"]

1. Nf3 c5 2. c4 g6 3. Nc3 Bg7 4. g3 Nc6 5. Bg2 d6 6. O-O e5 7. a3 h5 8. b4 e4
9. Ne1 h4 10. Rb1 hxg3 11. fxg3 Bd4+ 12. e3 Bxc3 13. dxc3 f5 14. Rb2 Ne5 15.
Rd2 Nxc4 16. Rd5 Nf6 17. bxc5 Be6 18. Qa4+ Qd7 19. Qxc4 Bxd5 20. Qd4 O-O 21.
cxd6 Rac8 22. Nd3 Qxd6 23. Ne5 Qc5 24. Nxg6 Qxd4 25. exd4 Rfe8 26. Bg5 Kg7 27.
Nh4 Be6 28. Bf4 Nd7 29. d5 Rxc3 30. dxe6 Rxe6 31. Nxf5+ Kg6 32. Bh3 Rxa3 33.
Nh4+ Kf7 34. Bc1+ Rf6 35. Bxa3 Rxf1+ 36. Kxf1 Ne5 37. Ke2 Nc4 38. Bc1 b5 39.
Bg2 Nd6 40. Bf4 Nc4 41. Bxe4 1-0

[Event "GBR-ch86"]
[Site "Scarborough"]
[Date "1999.08.06"]
[Round "5.25"]
[White "Greet, Andrew"]
[Black "Pert, Richard G"]
[Result "1/2-1/2"]
[WhiteElo "2215"]
[BlackElo "2308"]
[PlyCount "32"]
[EventDate "1999.08.02"]
[EventType "swiss"]
[EventRounds "11"]
[EventCountry "GBR"]

1. e4 g6 2. d4 Bg7 3. c4 Nc6 4. Be3 e5 5. dxe5 d6 6. Nc3 Nxe5 7. f4 Nc6 8. Nge2
f5 9. exf5 Bxf5 10. Ng3 Nh6 11. Be2 O-O 12. O-O Be6 13. Nd5 Qd7 14. Kh1 Rae8
15. Qd2 Nf5 16. Nxf5 Bxf5 1/2-1/2

[Event "GBR-ch86"]
[Site "Scarborough"]
[Date "1999.08.06"]
[Round "5.26"]
[White "Shaw, Robert"]
[Black "Dearing, Eddie"]
[Result "1-0"]
[WhiteElo "2184"]
[BlackElo "2295"]
[PlyCount "73"]
[EventDate "1999.08.02"]
[EventType "swiss"]
[EventRounds "11"]
[EventCountry "GBR"]

1. e4 e6 2. d4 d5 3. Nc3 Nf6 4. Bg5 Be7 5. e5 Nfd7 6. Bxe7 Qxe7 7. f4 O-O 8.
Nf3 c5 9. dxc5 Qxc5 10. Qd2 Nc6 11. O-O-O Nb6 12. Nd4 Bd7 13. Nb3 Qe7 14. Be2
a5 15. Qe3 Qd8 16. a3 a4 17. Nd4 Na5 18. Ndb5 Nbc4 19. Qd4 Ra6 20. g4 Rb6 21.
Bxc4 Nxc4 22. Nd6 Nxd6 23. exd6 Rxd6 24. Nxa4 Bxa4 25. Qxa4 Rc6 26. Qb3 Qc7 27.
Rhf1 Rc4 28. f5 Qxh2 29. Rd2 Qe5 30. fxe6 fxe6 31. Rxf8+ Kxf8 32. Qxb7 Rxg4 33.
Rf2+ Ke8 34. Qc8+ Ke7 35. Qf8+ Kd7 36. Rf7+ Kc6 37. Qc8+ 1-0

[Event "GBR-ch86"]
[Site "Scarborough"]
[Date "1999.08.06"]
[Round "5.27"]
[White "Broomfield, Matthew"]
[Black "Mason, Donald"]
[Result "1-0"]
[WhiteElo "2164"]
[BlackElo "2284"]
[PlyCount "101"]
[EventDate "1999.08.02"]
[EventType "swiss"]
[EventRounds "11"]
[EventCountry "GBR"]

1. d4 Nf6 2. c4 g6 3. Nc3 d5 4. Bf4 Bg7 5. e3 c5 6. Nf3 O-O 7. Rc1 cxd4 8. Nxd4
Nc6 9. Be2 Nxd4 10. Qxd4 Be6 11. c5 Nh5 12. Be5 f6 13. Bg3 Nxg3 14. hxg3 Qa5
15. Bf3 Rad8 16. Qh4 h6 17. O-O g5 18. Qa4 Qxa4 19. Nxa4 g4 20. Bd1 d4 21. exd4
Rxd4 22. Re1 Bd7 23. Nc3 e5 24. Bb3+ Kh7 25. Bd5 Bc6 26. Rcd1 Bxd5 27. Rxd4
exd4 28. Nxd5 Rd8 29. Nf4 d3 30. Rd1 d2 31. Kf1 Bh8 32. Ke2 f5 33. Nd3 Kg6 34.
Rxd2 Kg5 35. b4 h5 36. b5 Rc8 37. Nf4 h4 38. Rd6 Bf6 39. Kd3 h3 40. gxh3 gxh3
41. Nxh3+ Kg4 42. Rxf6 Rxc5 43. Nf4 Rxb5 44. Ke3 Re5+ 45. Kd4 Ra5 46. Nd5 Kg5
47. f4+ Kg4 48. Rg6+ Kf3 49. Nc3 b5 50. Kc5 Ra3 51. Kb4 1-0

[Event "GBR-ch86"]
[Site "Scarborough"]
[Date "1999.08.06"]
[Round "5.29"]
[White "Hanley, Craig"]
[Black "Palliser, Richard"]
[Result "1/2-1/2"]
[WhiteElo "2178"]
[BlackElo "2253"]
[PlyCount "26"]
[EventDate "1999.08.02"]
[EventType "swiss"]
[EventRounds "11"]
[EventCountry "GBR"]

1. c4 g6 2. Nf3 Bg7 3. d4 Nf6 4. g3 O-O 5. Bg2 c5 6. O-O cxd4 7. Nxd4 Nc6 8.
Nc3 d6 9. Nxc6 bxc6 10. Bxc6 Rb8 11. Bg2 Qa5 12. Qd3 Qh5 13. h4 Bb7 1/2-1/2

[Event "GBR-ch86"]
[Site "Scarborough"]
[Date "1999.08.06"]
[Round "5.31"]
[White "D'Costa, Lorin"]
[Black "Webster, Andrew"]
[Result "0-1"]
[WhiteElo "2215"]
[BlackElo "2427"]
[PlyCount "92"]
[EventDate "1999.08.02"]
[EventType "swiss"]
[EventRounds "11"]
[EventCountry "GBR"]

1. e4 g6 2. d4 Bg7 3. Nc3 c6 4. Bc4 d6 5. Qf3 e6 6. Nge2 b5 7. Bb3 a5 8. a4 b4
9. Nd1 Ba6 10. c3 Nd7 11. O-O Rb8 12. Bc2 c5 13. Ne3 Ngf6 14. Rd1 Qc7 15. Ng3
h5 16. h3 cxd4 17. cxd4 e5 18. Bb3 h4 19. Ngf1 O-O 20. dxe5 Nxe5 21. Qf4 Qb7
22. Rxd6 Nd3 23. Qxh4 g5 24. Qxg5 Nxe4 25. Bd5 Nxg5 26. Bxb7 Bxb7 27. Rxd3 Rfd8
28. Rxd8+ Rxd8 29. f3 Ba6 30. Nc2 Ne6 31. Be3 Rc8 32. Ne1 Bxb2 33. Rb1 Bc3 34.
Bb6 Rc6 35. Bf2 Nc5 36. Bxc5 Rxc5 37. Ng3 Bd4+ 38. Kh1 f5 39. Rd1 Bf2 40. Kh2
b3 41. Nd3 Bxd3 42. Rxd3 b2 43. Rd8+ Kf7 44. Rb8 Rc1 45. Rb7+ Ke6 46. Rxb2 Bg1+
0-1

[Event "GBR-ch86"]
[Site "Scarborough"]
[Date "1999.08.06"]
[Round "5.32"]
[White "Aikhoje, Odion"]
[Black "Gokhale, Anupama"]
[Result "0-1"]
[WhiteElo "2341"]
[BlackElo "2181"]
[PlyCount "130"]
[EventDate "1999.08.02"]
[EventType "swiss"]
[EventRounds "11"]
[EventCountry "GBR"]

1. e4 e5 2. Nf3 Nc6 3. Bb5 Nf6 4. O-O Nxe4 5. Re1 Nd6 6. Nxe5 Nxe5 7. Rxe5+ Be7
8. Ba4 O-O 9. d4 Nc4 10. Re1 d5 11. Nd2 Nxd2 12. Bxd2 Bd6 13. Qh5 Bd7 14. Bb3
c6 15. Bg5 Qc7 16. c4 dxc4 17. Bxc4 Bf5 18. h4 Rae8 19. Qf3 Qd7 20. d5 c5 21.
Qb3 a6 22. a4 h6 23. Bd2 Be4 24. f3 Bg6 25. Be3 Bb8 26. Bf2 Qc7 27. g3 Qd7 28.
Kg2 Bd6 29. a5 Rxe1 30. Rxe1 Rc8 31. Qc3 Re8 32. Rc1 Be5 33. Qd2 Bd6 34. Rc3
Qc7 35. Rb3 Bf5 36. Rb6 Bc8 37. g4 Qe7 38. Qc3 Bc7 39. Qa3 Qe5 40. d6 Bxd6 41.
Rxd6 Qxd6 42. Bxc5 Qf4 43. Qb4 h5 44. Bd6 Qf6 45. g5 Qf5 46. Kf2 Qc2+ 47. Kg3
Qc1 48. Kf2 Be6 49. Bf1 Rc8 50. Bd3 Bc4 51. Be4 Qf1+ 52. Ke3 Qg1+ 53. Kf4 Qh2+
54. Ke3 Qxh4 55. Bf4 Qh1 56. Qxb7 Qg1+ 57. Kd2 Rd8+ 58. Kc3 Qd4+ 59. Kc2 Bd3+
60. Kb3 Qc4+ 61. Ka3 Bxe4 62. fxe4 Re8 63. Bd2 Rxe4 64. b3 Qc5+ 65. b4 Qc4 0-1